Photoperiodism in plants /

Αποθηκεύτηκε σε:
Λεπτομέρειες βιβλιογραφικής εγγραφής
Κύριος συγγραφέας: Vince-Prue, Daphne
Μορφή: Βιβλίο
Γλώσσα:English
Έκδοση: London, New York : McGraw-Hill, [1975].
Σειρά:European plant biology series
Θέματα:
LEADER 00912nam a2200241 i 4500
001 c000304139
003 CARM
005 00000000000000.0
008 840302s1975 nyu 0 eng d
019 1 |a 27522871  |z 455496  |z 23898373  |z 11747029  |5 LACONCORD2021 
020 |a 0070840482 
035 |a (OCoLC)1104267  |5 LACONCORD2021 
082 0 4 |a 581.1/9/153 
100 1 |a Vince-Prue, Daphne. 
245 1 0 |a Photoperiodism in plants /  |c Daphne Vince-Prue. 
260 |a London, New York :  |b McGraw-Hill,  |c [1975]. 
300 |a xiv, 444 p. :  |b ill. ;  |c 24 cm. 
490 0 |a European plant biology series 
504 |a Includes bibliographies and index. 
650 0 |a Plant photoperiodism. 
852 8 |b CARM  |h A2:AB33h0  |i B10703  |p 0504581  |f BK 
999 f f |i d94aa65a-a7b6-5478-94a4-ab8df421d13b  |s d49b00f3-4744-52d9-839f-4eeb76c43c92 
952 f f |p Can circulate  |a CAVAL  |b CAVAL  |c CAVAL  |d CARM 1 Store  |e B10703  |f A2:AB33h0  |h Other scheme  |i book  |m 0504581